[Event "XXXV Memorial Edoardo Crespi B"]
[Site "Milano ITA"]
[Date "2014.12.07"]
[Round "5"]
[White "Madaschi, Sergio"]
[Black "Altissimo, Dino"]
[WhiteElo "1498"]
[BlackElo "1444"]
[Result "0-1"]
[PlyCount "114"]
[EventDate "2014.12.06"]

1. e4 e5 2. Nf3 d6 3. d4 Nc6 4. dxe5 Nxe5 5. Nxe5 dxe5 6. Qxd8+ Kxd8 7. Bc4 Ke7
8. Nc3 c6 9. O-O Nf6 10. Bg5 h6 11. Bh4 Be6 12. Bd3 g5 13. Bg3 Nd7 14. h4 f6
15. a3 Kf7 16. Rfe1 Bc5 17. Na4 Be7 18. Nc3 Rhg8 19. Be2 g4 20. Nd1 h5 21. b4
b6 22. Ne3 a6 23. c4 c5 24. Rab1 Rgd8 25. Nd5 Rab8 26. f4 Bd6 27. f5 Bxd5 28.
exd5 Ra8 29. Bf2 a5 30. bxc5 bxc5 31. Rb7 Ke7 32. Reb1 Rdb8 33. a4 Rxb7 34.
Rxb7 Kd8 35. Bd1 Rb8 36. Rb5 Rxb5 37. cxb5 Kc7 38. Be1 Kb6 39. Bd2 c4 40. Be2
Nc5 41. Be3 Kc7 42. Bxc4 Nxa4 43. Bb3 Nc5 44. Bc4 Kb7 45. Kf1 a4 46. Ke2 a3 47.
Kd1 Nd3 48. Kc2 Ne1+ 49. Kb3 Nxg2 50. Bf2 e4 51. Bd4 Nxh4 52. Bxf6 Nxf5 53. Be2
g3 54. Bf1 Ne3 55. Bh3 g2 56. Bxg2 Nxg2 57. Bg5 e3 0-1

[Event "XXXV Memorial Edoardo Crespi B"]
[Site "Milano ITA"]
[Date "2014.12.07"]
[Round "5"]
[White "Mapelli, Davide"]
[Black "Lapitan, Eusebio"]
[WhiteElo "1576"]
[BlackElo "1690"]
[Result "0-1"]
[PlyCount "56"]
[EventDate "2014.12.06"]

1. e4 c5 2. Nc3 a6 3. f4 e6 4. Nf3 Nc6 5. d3 b5 6. g3 Bb7 7. Bg2 Qc7 8. O-O Be7
9. Bd2 h5 10. Ne2 h4 11. Qe1 hxg3 12. Qxg3 O-O-O 13. Bc3 Nh6 14. a3 f5 15. Nd2
Rhg8 16. Rab1 g5 17. b4 Rg6 18. Qf2 Rdg8 19. Kh1 Ng4 20. Qg3 Rh6 21. Nf3 Bd6
22. e5 Be7 23. Neg1 Rgh8 24. Nh3 gxf4 25. Qxf4 Rxh3 26. Bxh3 Rxh3 27. bxc5
Ncxe5 28. Bxe5 Nxe5 0-1

[Event "XXXV Memorial Edoardo Crespi B"]
[Site "Milano ITA"]
[Date "2014.12.07"]
[Round "5"]
[White "Marcuzzo, Stefano"]
[Black "Crippa, Oscar"]
[WhiteElo "1428"]
[BlackElo "1681"]
[Result "0-1"]
[PlyCount "27"]
[EventDate "2014.12.06"]

1. e4 e6 2. d4 d5 3. Nc3 Nf6 4. Bg5 Bb4 5. e5 h6 6. exf6 hxg5 7. fxg7 Rg8 8.
Nf3 Qf6 9. Qd3 Nc6 10. Qe3 Bd7 11. Be2 O-O-O 12. O-O-O Rxg7 13. a3 Bd6 14. Bb5
0-1

[Event "XXXV Memorial Edoardo Crespi B"]
[Site "Milano ITA"]
[Date "2014.12.07"]
[Round "5"]
[White "Orlandini, Andrea"]
[Black "Silari, Andrea"]
[WhiteElo "1637"]
[BlackElo "1719"]
[Result "0-1"]
[PlyCount "108"]
[EventDate "2014.12.06"]

1. e4 c5 2. Nf3 Nc6 3. d4 cxd4 4. Nxd4 Nf6 5. Nc3 d6 6. Be3 e6 7. Be2 Be7 8.
O-O O-O 9. f4 a6 10. Bf3 Qc7 11. a4 Rb8 12. Qe2 Nxd4 13. Bxd4 e5 14. fxe5 dxe5
15. Be3 Bc5 16. Kh1 Bxe3 17. Qxe3 b6 18. Rad1 Bb7 19. Rf2 Rfd8 20. Rfd2 Kf8 21.
Nd5 Nxd5 22. exd5 Qd6 23. c4 Rbc8 24. b3 f5 25. Qg5 g6 26. Rf2 Kg7 27. Be2 h6
28. Qh4 Rf8 29. Rdf1 Rce8 30. g4 f4 31. Qh3 g5 32. Qc3 Kg6 33. h4 e4 34. Qh3
Rh8 35. h5+ Kg7 36. Qc3+ Qe5 37. Qxe5+ Rxe5 38. Kg1 Bc8 39. b4 Rf8 40. Re1 Rfe8
41. d6 f3 42. Bd1 Bxg4 43. Rd2 Bd7 44. Rd5 Rxd5 45. cxd5 g4 46. Kf2 Re5 47. Bb3
Kf6 48. Re3 Kg5 49. Rc3 Re8 50. Rc6 e3+ 51. Ke1 g3 52. Rc7 f2+ 53. Ke2 Bg4+ 54.
Kd3 f1=Q+ 0-1

[Event "XXXV Memorial Edoardo Crespi B"]
[Site "Milano ITA"]
[Date "2014.12.07"]
[Round "5"]
[White "Simeone, Giulio Maria"]
[Black "Confalonieri, Luca"]
[WhiteElo "1612"]
[BlackElo "1699"]
[Result "0-1"]
[PlyCount "60"]
[EventDate "2014.12.06"]

1. Nf3 Nf6 2. c4 g6 3. g3 Bg7 4. Bg2 d6 5. O-O O-O 6. Nc3 e5 7. d4 Nfd7 8. e4
exd4 9. Nxd4 c5 10. Ndb5 Ne5 11. Nxd6 Be6 12. Nd5 Bg4 13. f3 Bxf3 14. Bxf3 Qxd6
15. Bg5 Nxf3+ 16. Rxf3 Bd4+ 17. Kh1 f6 18. Nxf6+ Kh8 19. Nd5 Nc6 20. Qe2 Rxf3
21. Qxf3 Rf8 22. Qb3 Qe5 23. Bf6+ Rxf6 24. Nxf6 Qxf6 25. Qd3 Ne5 26. Qe2 Nxc4
27. Rf1 Qe7 28. Re1 Nxb2 29. Rb1 Kg8 30. Qf1 Qxe4+ 0-1

[Event "XXXV Memorial Edoardo Crespi B"]
[Site "Milano ITA"]
[Date "2014.12.07"]
[Round "5"]
[White "Spano', Pietro"]
[Black "Pandini, Giuseppe"]
[WhiteElo "1645"]
[BlackElo "1712"]
[Result "1-0"]
[PlyCount "59"]
[EventDate "2014.12.06"]

1. d4 b6 2. c4 e6 3. Nc3 Bb7 4. Bf4 d6 5. e4 Ne7 6. Bd3 g6 7. Qd2 h6 8. h4 Bg7
9. Nge2 Nd7 10. O-O-O Nc6 11. d5 Nce5 12. dxe6 fxe6 13. Nd4 Nc5 14. Bxe5 Bxe5
15. Nde2 Nxd3+ 16. Qxd3 Qf6 17. Rdf1 Qg7 18. f4 Bf6 19. g4 O-O-O 20. g5 Be7 21.
Nd4 Qg8 22. Qh3 Kb8 23. Qxe6 Qxe6 24. Nxe6 Rde8 25. Nd5 c5 26. f5 gxf5 27. exf5
hxg5 28. hxg5 Rhg8 29. f6 Bd8 30. f7 1-0

[Event "XXXV Memorial Edoardo Crespi B"]
[Site "Milano ITA"]
[Date "2013.12.07"]
[Round "5"]
[White "Staunovo, Daniele"]
[Black "Fantina, Carla"]
[WhiteElo "1513"]
[BlackElo "1359"]
[Result "1-0"]
[PlyCount "87"]
[EventDate "2014.12.06"]

1. e4 d6 2. d4 Nf6 3. Nc3 g6 4. g3 Bg7 5. Bg2 O-O 6. h3 c6 7. Nge2 Nbd7 8. O-O
e5 9. f4 exd4 10. Nxd4 Nh5 11. Kh2 Nc5 12. Be3 Ne6 13. Qd2 Nxd4 14. Bxd4 Nf6
15. Rad1 h5 16. Qf2 Qa5 17. e5 Ne8 18. exd6 Bxd4 19. Rxd4 Nf6 20. Rfd1 Bf5 21.
R1d2 Rad8 22. Ra4 Qb6 23. Qxb6 axb6 24. Rb4 b5 25. a4 Bd7 26. axb5 cxb5 27.
Nxb5 Bc6 28. Bxc6 bxc6 29. Nc3 Rd7 30. Rb6 Rc8 31. Kg2 Kg7 32. Kf3 Ne8 33. Ne4
Nf6 34. c4 Nxe4 35. Kxe4 Kf6 36. c5 Ke6 37. g4 h4 38. g5 f6 39. gxf6 Kxf6 40.
Rg2 Re8+ 41. Kf3 Rc8 42. Rg4 Ke6 43. Ke4 Kf7 44. Rxh4 1-0

[Event "XXXV Memorial Edoardo Crespi B"]
[Site "Milano ITA"]
[Date "2014.12.07"]
[Round "5"]
[White "Zaccheroni, Dario"]
[Black "Poletto, Daniele"]
[WhiteElo "1599"]
[BlackElo "1709"]
[Result "1/2-1/2"]
[PlyCount "48"]
[EventDate "2014.12.06"]

1. d4 Nf6 2. c4 g6 3. Nc3 Bg7 4. e4 d6 5. f3 O-O 6. Be3 e5 7. d5 Nh5 8. Qd2 f5
9. O-O-O f4 10. Bf2 Bf6 11. Bd3 Bh4 12. Kb1 a5 13. Bc2 Na6 14. Nh3 Bxf2 15.
Nxf2 Nc5 16. Nd3 Nxd3 17. Qxd3 Bd7 18. Ba4 Bxa4 19. Nxa4 Qd7 20. Qb3 Rfb8 21.
Nc3 a4 22. Qc2 Ra5 23. Qd3 Rba8 24. Rd2 R8a6 1/2-1/2

[Event "XXXV Memorial Edoardo Crespi B"]
[Site "Milano ITA"]
[Date "2014.12.08"]
[Round "6"]
[White "Aloe, Giancarlo"]
[Black "Marcuzzo, Stefano"]
[WhiteElo "1631"]
[BlackElo "1428"]
[Result "0-1"]
[PlyCount "102"]
[EventDate "2014.12.06"]

1. d4 d5 2. Nf3 c6 3. g3 Nf6 4. Bg2 Bg4 5. O-O e6 6. Nbd2 Be7 7. c4 O-O 8. b3
Nbd7 9. Bb2 a5 10. a3 Re8 11. cxd5 exd5 12. Qc2 Bd6 13. e3 Qe7 14. Rfe1 Rac8
15. Qc3 b6 16. Qd3 Ne4 17. Nh4 Nxd2 18. Qxd2 g5 19. Nf3 Qf6 20. Ne5 Nxe5 21.
dxe5 Bxe5 22. Bxe5 Qxe5 23. f4 gxf4 24. exf4 Qf6 25. b4 axb4 26. axb4 Rxe1+ 27.
Rxe1 Ra8 28. Re5 h6 29. Qe1 Be6 30. Qc3 Kg7 31. h3 Bd7 32. Qe3 Rb8 33. g4 Qd6
34. Qc3 f6 35. Re2 Re8 36. Rf2 d4 37. Qd2 c5 38. bxc5 bxc5 39. g5 Re3 40. gxh6+
Kxh6 41. f5 Qe5 42. Qa2 Re1+ 43. Rf1 Rxf1+ 44. Bxf1 Qe3+ 45. Kh2 Qf4+ 46. Kg1
Qg3+ 47. Bg2 Bc6 48. Qd2+ Kg7 49. h4 Qxg2+ 50. Qxg2+ Bxg2 51. Kxg2 d3 0-1

[Event "XXXV Memorial Edoardo Crespi B"]
[Site "Milano ITA"]
[Date "2014.12.08"]
[Round "6"]
[White "Altissimo, Dino"]
[Black "Calabrese, Maurizio"]
[WhiteElo "1444"]
[BlackElo "1477"]
[Result "1-0"]
[PlyCount "53"]
[EventDate "2014.12.06"]

1. e4 e5 2. Nc3 Nc6 3. Be2 g6 4. d3 Bg7 5. Nf3 Nge7 6. Be3 d5 7. exd5 Nxd5 8.
Ne4 Nxe3 9. fxe3 Qe7 10. O-O O-O 11. Nfg5 h6 12. Nf3 Be6 13. b3 f5 14. Ned2
Rae8 15. Rb1 f4 16. exf4 exf4 17. Ne4 Bf5 18. Nfd2 Bd4+ 19. Kh1 Be6 20. Bf3 Ne5
21. Nc4 Nxf3 22. Qxf3 Bxc4 23. bxc4 b6 24. Qg4 Qf7 25. Rf3 Re6 26. Rbf1 Be3 27.
Rxe3 1-0

[Event "XXXV Memorial Edoardo Crespi B"]
[Site "Milano ITA"]
[Date "2014.12.08"]
[Round "6"]
[White "Benedetti, Mario"]
[Black "Forti, Francesco"]
[WhiteElo "1348"]
[BlackElo "1576"]
[Result "0-1"]
[PlyCount "70"]
[EventDate "2014.12.06"]

1. d4 d5 2. c4 e6 3. Nc3 Nf6 4. a3 Be7 5. e3 O-O 6. Bd3 b6 7. b4 Nbd7 8. Nf3 c5
9. bxc5 bxc5 10. O-O Nb6 11. cxd5 Nbxd5 12. Nxd5 Nxd5 13. Qc2 cxd4 14. Nxd4 g6
15. e4 Bf6 16. Nc6 Qd6 17. Rb1 Ne7 18. Nxe7+ Bxe7 19. Bh6 Rd8 20. Qc3 Qd4 21.
Qxd4 Rxd4 22. Rb3 Bf8 23. Be3 Rd8 24. Bg5 Rd6 25. Bf4 Rb6 26. Rfb1 Rxb3 27.
Rxb3 Bd7 28. Rb8 Rxb8 29. Bxb8 a5 30. Bc7 a4 31. e5 Bxa3 32. Bc2 Bb2 33. Bd6 a3
34. Bb3 Bc6 35. Bxa3 Bxa3 0-1

[Event "XXXV Memorial Edoardo Crespi B"]
[Site "Milano ITA"]
[Date "2014.12.08"]
[Round "6"]
[White "Carbone, Lorenzo"]
[Black "Baccarin, Stefano"]
[WhiteElo "1594"]
[BlackElo "1673"]
[Result "1/2-1/2"]
[PlyCount "107"]
[EventDate "2014.12.06"]

1. e4 c5 2. Nf3 d6 3. d4 cxd4 4. Nxd4 Nf6 5. Nc3 a6 6. Be2 e5 7. Nb3 Be6 8. O-O
Be7 9. f4 Qc7 10. fxe5 dxe5 11. Qe1 O-O 12. Be3 Nbd7 13. Kh1 b5 14. a3 Rac8 15.
Bd3 Nb6 16. Nd2 Nc4 17. Nxc4 Bxc4 18. Rd1 Rfd8 19. Bxc4 Qxc4 20. Rxd8+ Rxd8 21.
Bb6 Rd6 22. Ba5 Rd4 23. Bb6 Rd6 24. Ba5 Rc6 25. Rf5 Qd4 26. Nd5 Nxd5 27. exd5
Rxc2 28. Rxe5 Qg4 29. Qf1 Kf8 30. h3 Qg3 31. Rf5 f6 32. Be1 Qe3 33. Rf3 Qe4 34.
Rd3 Bd6 35. Bc3 Rxg2 36. Qxg2 Qxd3 37. Kg1 Qd1+ 38. Kf2 Bc5+ 39. Kg3 Bd6+ 40.
Kf2 Bc5+ 41. Kg3 Qd3+ 42. Qf3 Qg6+ 43. Qg4 Qxg4+ 44. hxg4 Ke7 45. Kf4 Kd6 46.
Ke4 h6 47. Bd2 Bf2 48. Bb4+ Bc5 49. Bd2 g5 50. Bc3 Ke7 51. Kf5 Kd6 52. Ke4 Ke7
53. Kf5 Kd6 54. Ke4 1/2-1/2

[Event "XXXV Memorial Edoardo Crespi B"]
[Site "Milano ITA"]
[Date "2014.12.08"]
[Round "6"]
[White "Confalonieri, Luca"]
[Black "Carli, Federico"]
[WhiteElo "1699"]
[BlackElo "1671"]
[Result "1-0"]
[PlyCount "37"]
[EventDate "2014.12.06"]

1. e4 e5 2. Nf3 Nc6 3. Bc4 Nf6 4. d3 Bc5 5. Nc3 h6 6. Be3 Bb6 7. Qd2 d6 8. Ne2
Bg4 9. Rg1 Na5 10. h3 Nxc4 11. dxc4 Be6 12. Bxb6 axb6 13. Qd3 Qd7 14. Nc3 Nh5
15. O-O-O Nf4 16. Qe3 Qc6 17. b3 O-O-O 18. Nd5 g5 19. Ne7+ 1-0

[Event "XXXV Memorial Edoardo Crespi B"]
[Site "Milano ITA"]
[Date "2014.12.08"]
[Round "6"]
[White "Conta, Diego"]
[Black "Mapelli, Davide"]
[WhiteElo "1654"]
[BlackElo "1576"]
[Result "1-0"]
[PlyCount "27"]
[EventDate "2014.12.06"]

1. e4 e5 2. Nf3 Nc6 3. Bc4 Bc5 4. b4 d5 5. Bxd5 Nxb4 6. Bb3 Bg4 7. Bxf7+ Kxf7
8. Nxe5+ Ke8 9. Nxg4 Qd4 10. Nc3 Nf6 11. Nxf6+ Qxf6 12. O-O Rf8 13. Qh5+ Rf7
14. Qxc5 1-0

[Event "XXXV Memorial Edoardo Crespi B"]
[Site "Milano ITA"]
[Date "2014.12.08"]
[Round "6"]
[White "Costanza, Calogero"]
[Black "Fantina, Carla"]
[WhiteElo "1579"]
[BlackElo "1359"]
[Result "1-0"]
[PlyCount "131"]
[EventDate "2014.12.06"]

1. d4 Nf6 2. c4 g6 3. Nc3 Bg7 4. e4 d6 5. Be2 Nbd7 6. Be3 O-O 7. Qd2 c5 8. f3
a6 9. g4 cxd4 10. Bxd4 Nc5 11. Nh3 h6 12. Be3 g5 13. Nf2 Bd7 14. h4 Nh7 15.
O-O-O Na4 16. Bd4 e5 17. Be3 Nxc3 18. Qxc3 Rc8 19. Kb1 b5 20. Rxd6 Rc6 21. Rxc6
Bxc6 22. cxb5 Bxb5 23. Bxb5 axb5 24. Rd1 Qb8 25. Rd5 gxh4 26. Nh3 Rc8 27. Rc5
Rd8 28. Qb3 Bf6 29. Bxh6 Nf8 30. Be3 Ne6 31. Rxb5 Qd6 32. Rd5 Qb8 33. Qd1 Kg7
34. Rxd8 Bxd8 35. Qd2 Qb5 36. Qd1 Kg6 37. Nf2 Bb6 38. Bxb6 Qxb6 39. Nh3 Qe3 40.
a4 Nd4 41. Ng1 f6 42. a5 Nc6 43. a6 Qa7 44. Qe1 Qxa6 45. Qe2 Qb6 46. Nh3 Nd4
47. Qf2 Qb3 48. Ng1 Qd1+ 49. Ka2 Kg5 50. Nh3+ Kg6 51. Ng1 Qb3+ 52. Kb1 Qc4 53.
Nh3 Qd3+ 54. Ka2 Nxf3 55. g5 Qxe4 56. gxf6 Qf5 57. Qg2+ Kxf6 58. Nf2 Qe6+ 59.
b3 Qa6+ 60. Kb1 Qb6 61. Qxf3+ Ke7 62. Kb2 Qh6 63. Qb7+ Ke8 64. Qc8+ Ke7 65.
Qc7+ Ke8 66. Qxe5+ 1-0

[Event "XXXV Memorial Edoardo Crespi B"]
[Site "Milano ITA"]
[Date "2014.12.08"]
[Round "6"]
[White "Crippa, Oscar"]
[Black "Luscenkovs, Artjoms"]
[WhiteElo "1681"]
[BlackElo "1712"]
[Result "1/2-1/2"]
[PlyCount "31"]
[EventDate "2014.12.06"]

1. e4 c5 2. Nc3 Nc6 3. g3 d6 4. Bg2 g6 5. d3 Bg7 6. Nge2 e5 7. O-O Nge7 8. Be3
O-O 9. Qd2 f5 10. f4 Rb8 11. a4 a6 12. fxe5 Nxe5 13. Bh6 b6 14. Bxg7 Kxg7 15.
Nf4 Bd7 16. b3 1/2-1/2

[Event "XXXV Memorial Edoardo Crespi B"]
[Site "Milano ITA"]
[Date "2014.12.08"]
[Round "6"]
[White "Figini, Vittorio"]
[Black "Del Frate, Walter"]
[WhiteElo "1477"]
[BlackElo "1536"]
[Result "1-0"]
[PlyCount "53"]
[EventDate "2014.12.06"]

1. e4 e6 2. Nf3 d5 3. exd5 exd5 4. d4 Nf6 5. h3 c5 6. Be3 Be7 7. Be2 O-O 8. c3
b6 9. O-O Ne4 10. Nbd2 f5 11. Nxe4 dxe4 12. Ne5 Be6 13. Qd2 Qc7 14. f4 Nc6 15.
Bc4 Bxc4 16. Nxc4 cxd4 17. cxd4 Rad8 18. Rac1 Rd5 19. Ne5 Rf6 20. Rc2 Qb7 21.
Rfc1 Bc5 22. Nxc6 Qxc6 23. Qe2 Rxd4 24. Bxd4 Bxd4+ 25. Kh1 Qb7 26. Qc4+ Kf8 27.
Qxd4 1-0

[Event "XXXV Memorial Edoardo Crespi B"]
[Site "Milano ITA"]
[Date "2014.12.08"]
[Round "6"]
[White "Frignani, Alessandro"]
[Black "Staunovo, Daniele"]
[WhiteElo "1389"]
[BlackElo "1513"]
[Result "1/2-1/2"]
[PlyCount "57"]
[EventDate "2014.12.06"]

1. e4 c5 2. f4 g6 3. Nf3 Nc6 4. g3 Bg7 5. c3 a6 6. Bc4 e6 7. a3 Nge7 8. d3 d5
9. Ba2 dxe4 10. dxe4 Qxd1+ 11. Kxd1 O-O 12. Be3 b6 13. Nbd2 Rd8 14. Kc2 Bb7 15.
Rhd1 Rd7 16. Nc4 Nc8 17. Rxd7 Rb8 18. Nfe5 N6e7 19. Nd2 Bf6 20. Rd1 Na7 21. Bb1
Nac6 22. Ndc4 Bxe5 23. Nxe5 Kf8 24. Kc1 Ke8 25. Nxc6 Nxc6 26. Rc7 Na5 27. Rdd7
Bc6 28. Rxf7 Rd8 29. Rxh7 1/2-1/2

[Event "XXXV Memorial Edoardo Crespi B"]
[Site "Milano ITA"]
[Date "2014.12.08"]
[Round "6"]
[White "Galliani, William"]
[Black "Orlandini, Andrea"]
[WhiteElo "1589"]
[BlackElo "1637"]
[Result "0-1"]
[PlyCount "50"]
[EventDate "2014.12.06"]

1. d4 d5 2. c4 c6 3. Nc3 Nf6 4. Nf3 dxc4 5. a4 Bf5 6. e3 e6 7. Bxc4 Nbd7 8. O-O
Be7 9. Qe2 Ne4 10. Bd3 Nxc3 11. bxc3 Bxd3 12. Qxd3 c5 13. Re1 O-O 14. c4 Rc8
15. a5 cxd4 16. exd4 Nc5 17. Qb1 Na6 18. Qxb7 Nb4 19. Rd1 Rc7 20. Qb5 Qc8 21.
Bf4 a6 22. Qh5 Rxc4 23. Qg4 Rd8 24. Rab1 Nc6 25. d5 exd5 0-1

[Event "XXXV Memorial Edoardo Crespi B"]
[Site "Milano ITA"]
[Date "2014.12.08"]
[Round "6"]
[White "Lapitan, Eusebio"]
[Black "Esposito, Giuseppe"]
[WhiteElo "1690"]
[BlackElo "1718"]
[Result "1-0"]
[PlyCount "55"]
[EventDate "2014.12.06"]

1. e4 c5 2. Nf3 Nc6 3. d4 cxd4 4. Nxd4 g6 5. Be3 Bg7 6. Qd2 d6 7. Be2 Bd7 8.
Nc3 Qc7 9. g4 Nf6 10. f3 O-O-O 11. Ncb5 Qb8 12. Nxc6 Bxc6 13. Bxa7 Qa8 14. Bb6
Kd7 15. e5 Nd5 16. Bxd8 Rxd8 17. c4 Nb6 18. exd6 e6 19. O-O h5 20. a4 hxg4 21.
fxg4 f5 22. a5 Nc8 23. c5 Rh8 24. Qe3 Bd5 25. Nc7 Qb8 26. Nxd5 exd5 27. Bb5+
Kd8 28. Qg5+ 1-0

[Event "XXXV Memorial Edoardo Crespi B"]
[Site "Milano ITA"]
[Date "2014.12.08"]
[Round "6"]
[White "Nikonov, Maxim"]
[Black "Lavorgna, Francesco"]
[WhiteElo "1449"]
[BlackElo "1700"]
[Result "0-1"]
[PlyCount "86"]
[EventDate "2014.12.06"]

1. e4 Nf6 2. Nc3 d5 3. exd5 Nxd5 4. Nge2 Bg4 5. d4 e6 6. a3 c5 7. f3 Bf5 8. Ng3
Bg6 9. Bb5+ Nc6 10. Bxc6+ bxc6 11. O-O cxd4 12. Qxd4 Bxc2 13. Re1 Qa5 14. Kh1
Rd8 15. Bg5 Nf6 16. Qh4 Be7 17. Nge4 Qf5 18. Nxf6+ Bxf6 19. Bxf6 Qxf6 20. Qxf6
gxf6 21. Rac1 Bb3 22. Ne4 f5 23. Nc5 Bd5 24. b4 Ke7 25. Kg1 Kf6 26. Kf2 Ke7 27.
g3 Ra8 28. f4 a5 29. bxa5 Rxa5 30. a4 Rb8 31. Re3 Rb2+ 32. Kg1 Rg2+ 33. Kf1
Rxh2 34. Rec3 Rh1+ 35. Kf2 Rxc1 36. Rxc1 Ra7 37. Ke3 Ra5 38. Kd4 f6 39. Rb1 Ra7
40. Rb8 Kd6 41. a5 e5+ 42. fxe5+ fxe5+ 43. Ke3 Kxc5 0-1

[Event "XXXV Memorial Edoardo Crespi B"]
[Site "Milano ITA"]
[Date "2014.12.08"]
[Round "6"]
[White "Palvarini, Mario"]
[Black "Brisotto, Stefano"]
[WhiteElo "1479"]
[BlackElo "1472"]
[Result "1/2-1/2"]
[PlyCount "72"]
[EventDate "2014.12.06"]

1. e4 c5 2. Nf3 Nc6 3. Bc4 d6 4. h3 Nf6 5. d3 e6 6. O-O Be7 7. Nc3 O-O 8. a3 d5
9. exd5 exd5 10. Ba2 Be6 11. Re1 Re8 12. Bf4 Bd6 13. Ne2 Bxf4 14. Nxf4 Qd6 15.
Qd2 Nd4 16. Nxd4 cxd4 17. Ne2 Qb6 18. Qb4 Qxb4 19. axb4 a5 20. bxa5 Rxa5 21.
Nxd4 Rea8 22. Nxe6 fxe6 23. Rxe6 Rxa2 24. Rxa2 Rxa2 25. Rb6 Ra1+ 26. Kh2 Rc1
27. c3 Rd1 28. d4 Rb1 29. Rxb7 Ne4 30. f3 Nxc3 31. Rb8+ Kf7 32. Rb7+ Kg8 33.
Rb8+ Kf7 34. Rb7+ Kg8 35. Rb8+ Kf7 36. Rb7+ Kg8 1/2-1/2

[Event "XXXV Memorial Edoardo Crespi B"]
[Site "Milano ITA"]
[Date "2014.12.08"]
[Round "6"]
[White "Pandini, Giuseppe"]
[Black "Cagnotto, Marco"]
[WhiteElo "1712"]
[BlackElo "1560"]
[Result "1-0"]
[PlyCount "59"]
[EventDate "2014.12.06"]

1. f4 Nf6 2. Nf3 g6 3. e3 Bg7 4. d4 d6 5. Bd3 O-O 6. O-O c5 7. c3 Nc6 8. Nbd2
Nd5 9. Ne4 cxd4 10. exd4 e5 11. fxe5 dxe5 12. dxe5 Nxe5 13. Nxe5 Bxe5 14. Qf3
Bf5 15. Bh6 Qh4 16. Ng3 Bxd3 17. Bxf8 Bxf1 18. Qxd5 Bxg3 19. hxg3 Qxg3 20. Bd6
Qd3 21. Qxb7 Rd8 22. Rxf1 Qxd6 23. Qxf7+ Kh8 24. Qxa7 Qd2 25. Qf2 Qd6 26. Qf6+
Qxf6 27. Rxf6 Rd1+ 28. Rf1 Rd2 29. Rf2 Rd1+ 30. Kh2 1-0

[Event "XXXV Memorial Edoardo Crespi B"]
[Site "Milano ITA"]
[Date "2014.12.08"]
[Round "6"]
[White "Pasini, Nicolo'"]
[Black "Delle Fave, Fabio"]
[WhiteElo "1631"]
[BlackElo "1782"]
[Result "1/2-1/2"]
[PlyCount "38"]
[EventDate "2014.12.06"]

1. e4 c6 2. Nc3 d5 3. Nf3 dxe4 4. Nxe4 Bf5 5. Ng3 Bg4 6. Bc4 e6 7. h3 Bxf3 8.
Qxf3 Nf6 9. Qb3 b5 10. Be2 Qd5 11. Bf3 Qxb3 12. axb3 Bc5 13. c4 b4 14. Ne2 a5
15. d4 Bd6 16. Bf4 Ke7 17. O-O Ra6 18. Ra4 Nbd7 19. Rfa1 Rha8 1/2-1/2

[Event "XXXV Memorial Edoardo Crespi B"]
[Site "Milano ITA"]
[Date "2014.12.08"]
[Round "6"]
[White "Pavlidis, Pavlos"]
[Black "Spano', Pietro"]
[WhiteElo "1626"]
[BlackElo "1645"]
[Result "1-0"]
[PlyCount "79"]
[EventDate "2014.12.06"]

1. e4 c5 2. Nf3 e6 3. d4 cxd4 4. Nxd4 Nc6 5. Nc3 Qc7 6. Nb3 a6 7. Bd3 Ne5 8.
O-O Nxd3 9. cxd3 Nf6 10. Bd2 Be7 11. Qe2 O-O 12. Rac1 Qe5 13. f4 Qh5 14. Qxh5
Nxh5 15. e5 g6 16. Ne4 f5 17. Nec5 d6 18. Nxb7 dxe5 19. fxe5 Bd8 20. Nd6 Bb6+
21. d4 Bd7 22. Nc5 Bb5 23. Nxb5 Bxc5 24. Rxc5 axb5 25. a3 Rfd8 26. Be3 Rd5 27.
Rfc1 f4 28. Bf2 Rxc5 29. dxc5 Ng7 30. c6 Nf5 31. c7 Ne7 32. Bc5 Nd5 33. Bd6 Rc8
34. Rc5 b4 35. axb4 Nxb4 36. Rb5 Nc6 37. Rb8 Na7 38. b4 Kf7 39. b5 Ke8 40. b6
1-0

[Event "XXXV Memorial Edoardo Crespi B"]
[Site "Milano ITA"]
[Date "2014.12.08"]
[Round "6"]
[White "Pili, Giangiuseppe"]
[Black "Casamassima, Paolo"]
[WhiteElo "1678"]
[BlackElo "1709"]
[Result "1-0"]
[PlyCount "43"]
[EventDate "2014.12.06"]

1. d4 Nf6 2. c4 c6 3. Nc3 e6 4. e4 Bb4 5. Bd3 O-O 6. e5 Ne8 7. Nge2 d6 8. f4
Qh4+ 9. Ng3 g6 10. O-O dxe5 11. dxe5 Bc5+ 12. Kh1 Ng7 13. Nce4 Be7 14. f5 exf5
15. Rf4 Qh6 16. Rxf5 g5 17. Nf6+ Bxf6 18. Rxf6 Qh4 19. Ne4 Ne6 20. g3 Qh3 21.
Nf2 Nc5 22. Nxh3 1-0

[Event "XXXV Memorial Edoardo Crespi B"]
[Site "Milano ITA"]
[Date "2014.12.08"]
[Round "6"]
[White "Pipitone, Filippo Massimo"]
[Black "Grandi, Jessica"]
[WhiteElo "1545"]
[BlackElo "1512"]
[Result "0-1"]
[PlyCount "70"]
[EventDate "2014.12.06"]

1. d4 d5 2. c4 e6 3. Nc3 Nf6 4. Nf3 Nc6 5. Bg5 Be7 6. e3 Ne4 7. Bxe7 Nxe7 8.
Bd3 Nxc3 9. bxc3 dxc4 10. Bxc4 Ng6 11. O-O O-O 12. Bd3 f5 13. Qc2 Qf6 14. c4 b6
15. Qb3 Kh8 16. Be2 Bb7 17. Rfd1 Rfd8 18. Rac1 Rac8 19. c5 Bxf3 20. Bxf3 f4 21.
c6 fxe3 22. fxe3 Nh4 23. Be4 Nf5 24. Rf1 Qg5 25. Bxf5 exf5 26. Rce1 Rf8 27. d5
Rfd8 28. Qd3 g6 29. Rf3 Qf6 30. e4 Qd6 31. Rd1 fxe4 32. Qxe4 Re8 33. Qd4+ Qe5
34. Re3 Qxd4 35. Rxd4 Rxe3 0-1

[Event "XXXV Memorial Edoardo Crespi B"]
[Site "Milano ITA"]
[Date "2014.12.08"]
[Round "6"]
[White "Poletto, Daniele"]
[Black "Biffi, Roberto"]
[WhiteElo "1709"]
[BlackElo "1645"]
[Result "1/2-1/2"]
[PlyCount "46"]
[EventDate "2014.12.06"]

1. c4 Nf6 2. Nc3 g6 3. g3 Bg7 4. Bg2 O-O 5. e4 d6 6. Nge2 e5 7. O-O Nc6 8. d3
a5 9. h3 Bd7 10. Be3 Qc8 11. Kh2 h5 12. Nd5 Nxd5 13. cxd5 Ne7 14. d4 f5 15.
dxe5 Bxe5 16. Bd4 fxe4 17. Bxe5 dxe5 18. d6 Nf5 19. dxc7 Qxc7 20. Bxe4 Kh7 21.
Rc1 Bc6 22. Bxc6 bxc6 23. Qc2 Rac8 1/2-1/2

[Event "XXXV Memorial Edoardo Crespi B"]
[Site "Milano ITA"]
[Date "2014.12.08"]
[Round "6"]
[White "Ragoso, Mario"]
[Black "Colica, Daniele"]
[WhiteElo "1626"]
[BlackElo "1705"]
[Result "1-0"]
[PlyCount "105"]
[EventDate "2014.12.06"]

1. e4 d5 2. exd5 Nf6 3. Bb5+ Bd7 4. Bc4 Bf5 5. Nc3 c6 6. dxc6 Nxc6 7. Nf3 e6 8.
O-O Bc5 9. d3 h6 10. Qe2 O-O 11. Be3 Be7 12. Rad1 Qa5 13. h3 Nd5 14. Nxd5 exd5
15. Bb3 Rad8 16. Nd4 Bg6 17. Nxc6 bxc6 18. Bxh6 Bf6 19. Bd2 Qc7 20. c3 c5 21.
Qg4 c4 22. dxc4 dxc4 23. Qxc4 Qb7 24. Rfe1 Bd3 25. Qg4 Rfe8 26. Rxe8+ Rxe8 27.
Re1 Rxe1+ 28. Bxe1 Qe7 29. Bd2 Qc5 30. Qd7 Bg6 31. Qe8+ Kh7 32. Bxf7 Bxf7 33.
Qxf7 Qf5 34. Qb3 Qb1+ 35. Kh2 Qd3 36. Bf4 Qe4 37. Bg3 Bg5 38. Qf7 Qb1 39. Qh5+
Bh6 40. Bf4 Qxb2 41. Bxh6 gxh6 42. Qf7+ Kh8 43. Qxa7 Qxc3 44. Qb8+ Kh7 45. f4
h5 46. f5 Qf6 47. Qf4 h4 48. a4 Kg7 49. a5 Qd8 50. Qe5+ Kh7 51. a6 Qb6 52. Qe7+
Kh6 53. Qe6+ 1-0

[Event "XXXV Memorial Edoardo Crespi B"]
[Site "Milano ITA"]
[Date "2014.12.08"]
[Round "6"]
[White "Rigotti, Gianluigi"]
[Black "Valtemara, Mattia Angelo"]
[WhiteElo "1564"]
[BlackElo "1444"]
[Result "0-1"]
[PlyCount "70"]
[EventDate "2014.12.06"]

1. e4 e5 2. Nf3 Nc6 3. Bb5 a6 4. Ba4 Nf6 5. O-O Be7 6. Re1 b5 7. Bb3 O-O 8. d4
d6 9. h3 Re8 10. c3 Bf8 11. Bg5 Bb7 12. d5 Na5 13. Nbd2 Nxb3 14. Qxb3 h6 15.
Bh4 c6 16. c4 cxd5 17. cxd5 Be7 18. g4 Qd7 19. Kg2 a5 20. Bg3 Rac8 21. Rac1
Rxc1 22. Rxc1 Rc8 23. Rxc8+ Bxc8 24. Qc3 Bd8 25. Nh2 Qc7 26. f4 Qxc3 27. bxc3
exf4 28. Bxf4 Bc7 29. Nb3 Nxe4 30. Bd2 Nxd2 31. Nxd2 Bb7 32. a3 Bxd5+ 33. Kf2
Bb6+ 34. Ke2 Bc5 35. Nhf1 Bxa3 0-1